Quiz mythologique : Héphaïstos. - Statistiques

Statistiques générales
  • Ce quiz a été pris 163 fois
  • Le résultat moyen est 10 sur 15
Statistiques - réponses
Questions Réponses % Correct
Père Zeus
99%
De quoi Héphaïstos est-il le dieu? Feu | Forge
98%
Épouse Aphrodite
96%
Mère Héra
96%
Nom romain Vulcain
85%
Nommez un membre de sa fratrie. Arès | Hébé | Ilithyie | Angélos
80%
Nommez un de ses attributs? Marteau | Enclume
80%
Où réside-t-il? Mont Olympe
80%
Dans quel volcan sicilien se trouve sa forge? Etna
76%
Comment se nomme la première femme, créée par Héphaïstos à la demande de Zeus? Pandore
56%
Par quel autre dieu est-il souvent accompagné? Hermès
52%
Quelles créatures mythologiques y travaillent avec lui? Cyclopes
51%
Quel objet lui permit de piéger sa mère qui l'avait rejeté à sa naissance? Trône d'or
39%
Avec quelle grâce Héphaïstos aurait-il eu les jeunes Charites? Aglaé
8%
Quel animal le symbolise? Âne
8%
Aucun quiz correspondant
Distribution des résultats
% des personnes avec chaque résultat
Percentile par nombre de réponses
Votre historique - résultats
Vous n’avez pas pris ce quiz